00905nam a22001337a 4500001000500000005001700005008004100022082001100063245005600074260005100130300001500181500046400196856011100660176820240206120208.0230928b cb ||||| |||| 00| 0 eng d a508.81 aThrough the Brazilian rainforestcTheodor Roosevelt cExported from Wikisource on September 28, 2023 a44 pages : a Roosevelt's popular book Through the Brazilian Wilderness describes his expedition into the Brazilian jungle in 1913 as a member of the Roosevelt-Rondon Scientific Expedition co-named after its leader, Brazilian explorer Cândido Rondon. The book describes all of the scientific discovery, scenic tropical vistas and exotic flora, fauna and wild life experienced on the expedition, as well as the exciting human dramas which occurred during the expedition.  uhttp://172.20.16.31/cgi-bin/koha/opac-retrieve-file.pl?id=36aa0466e14d0f8361efbd3f632ab4c3yDownload Ebook